Πληθυσμιακή οικολογία - δυναμική πληθυσμών

Αποθηκεύτηκε σε:
Λεπτομέρειες βιβλιογραφικής εγγραφής
Κύριος συγγραφέας: Σαϊτάνης, Κωνσταντίνος
Άλλοι συγγραφείς: Καρανδρεινός, Μιχάλης
Μορφή: Βιβλίο
Γλώσσα:Greek
Δημοσίευση: Αθήνα : Έμβρυο, 2010.
Θέματα:
Ετικέτες: Προσθήκη ετικέτας
Δεν υπάρχουν, Καταχωρήστε ετικέτα πρώτοι!

MARC

LEADER 00000nam a2200000 i 4500
001 1/45276
008 140403s2010 gre d
020 |a 9789608002265  
035 |l 10117275 
040 |a GR-MY-UA  |b gre  |e aacr 
041 0 |a gre 
082 0 |a 577.88   |2 (23)  
100 1 |a Σαϊτάνης, Κωνσταντίνος. 
245 1 0 |a Πληθυσμιακή οικολογία - δυναμική πληθυσμών /   |c Κωνσταντίνος Σαϊτάνης, Μιχάλης Καρανδρεινός.  
260 |a Αθήνα :   |b Έμβρυο,   |c 2010.  
300 |a 472 σ.;   |b εικ., πίν, διαγρ.;   |c 30 εκ.  
504 |a Περιλαμβάνει ευρετήρια.  
650 0 0 |a Population ecology. 
650 0 0 |a Population biology  |x Mathematical models. 
650 0 0 |a Ecology. 
700 1 |a Καρανδρεινός, Μιχάλης. 
852 |a INST  |b LEMNOS  |e 20141029  |h 577.88 ΣΑΙ  |p 005600001676  |q 005600001676  |t BK  |y 0 
852 |a INST  |b LEMNOS  |c EUDOXUS  |e 20150515  |h 577.88 ΣΑΙ  |p 005600001485  |q 005600001485  |t EDX  |y 0 
852 |a INST  |b LESVOS  |e 20140806  |h 577.88 ΣΑΙ  |p 005100054412  |q 005100054412  |t BK  |y 0 
852 |a INST  |b LESVOS  |c EUDOXUS  |e 20140403  |h 577.88 ΣΑΙ  |p 005100053839  |q 005100053839  |t EDX  |y 0 
901 |a BIBL1-2014-1 
901 |a BIBL1-2014-2 
901 |a BIBL6-2014-3 
909 |a Λ  |b 186761 
909 |a Λ  |b 189604 
909 |a Μ  |b 190124 
920 |a Εύδοξος  |b Παραγγελία  |y Λέσβος-ΤΠ  |z 2013-12 
920 |a Εύδοξος  |b Παραγγελία  |y Λήμνος-ΤΕΤΔ  |z 2015-05 
922 |a 1ΕΛΗ  |b 201406  |c Τεθ  |d ΔΙΑΔΡΟΜΕΣ 
922 |a 6ΕΛΗ  |b 201407  |c ΤΑΚ/ΤΕΤΔ  |d ΙΩΑΝΝΙΔΟΥ 
970 |a ΤΖΑΦΕΡΗ  |b ΕΥΑΓΓΕΛΙΑ  |z 2014/04/02